00374nam a22000977a 4500082001200000100001500012245014300027260004100170650002600211700003900237 a200 THE aIzza Rasul aTH-SOF-1250-State Feedback Control and State Estimation of Quadrotor UAV through Linear Matrix Inequality and Convex Optimization Approach aIslamabadbNUST College of EMEc2016 aMS-ELECT-75 MSTHESIS aSupervisor Dr. Fahad Mumtaz Malik